[Event "chess.com IoM Masters"]
[Site "Douglas ENG"]
[Date "2016.10.02"]
[Round "2.26"]
[White "Donchenko, Alexander"]
[Black "Kojima, Shinya"]
[Result "1/2-1/2"]
[WhiteTitle "GM"]
[BlackTitle "IM"]
[WhiteElo "2581"]
[BlackElo "2399"]
[WhiteFideId "24603295"]
[BlackFideId "7000812"]
[EventDate "2016.10.01"]

1. d4 d5 2. c4 c6 3. Nf3 Nf6 4. e3 g6 5. Nc3 Bg7 6. Be2 O-O 7. O-O a6 8. a4 a5
9. cxd5 cxd5 10. Qb3 Nc6 11. Bd2 Qd6 12. Rfc1 Bg4 13. Qxb7 Rfb8 14. Nb5 Rxb7 15.
Nxd6 Rxb2 16. Rxc6 Bxf3 17. Bxf3 Rxd2 18. Nb5 e6 19. Rac1 Ra2 20. Nc3 Rb2 21.
Be2 Bf8 22. Rb1 Rab8 23. Bb5 Rxb1+ 24. Nxb1 Ne4 25. Nc3 Nd6 26. f3 Rc8 27. Rxc8
Nxc8 28. Kf2 Bb4 29. Na2 Ba3 30. Ke2 Kf8 31. Kd3 Ke7 32. Nc3 1/2-1/2

[Event "chess.com IoM Masters"]
[Site "Douglas ENG"]
[Date "2016.10.02"]
[Round "2.27"]
[White "Brunello, Sabino"]
[Black "Wallace, Paul"]
[Result "1-0"]
[WhiteTitle "GM"]
[WhiteElo "2566"]
[BlackElo "2210"]
[WhiteFideId "813613"]
[BlackFideId "2500892"]
[EventDate "2016.10.01"]

1. d4 Nf6 2. c4 g6 3. Nc3 Bg7 4. e4 d6 5. Nf3 O-O 6. Be2 e5 7. O-O exd4 8. Nxd4
Re8 9. f3 Nc6 10. Be3 Nh5 11. Nc2 f5 12. Qd2 Be6 13. Rae1 Qd7 14. exf5 Bxf5 15.
Bd1 Ne5 16. b3 c5 17. g4 Bxc2 18. Qxc2 Nf6 19. g5 Nh5 20. Nd5 Nc6 21. f4 Ne7 22.
Qg2 Nf5 23. Bf2 Qf7 24. Kh1 Kh8 25. Bg4 Rxe1 26. Rxe1 Re8 27. Re4 Rxe4 28. Qxe4
h6 29. Kg2 hxg5 30. fxg5 Be5 31. Bxc5 Bxh2 32. Bxf5 gxf5 33. Bd4+ Kg8 34. Qh4 1-0

[Event "chess.com IoM Masters"]
[Site "Douglas ENG"]
[Date "2016.10.02"]
[Round "2.28"]
[White "Merry, Alan B"]
[Black "Aravindh, Chithambaram VR."]
[Result "1-0"]
[WhiteTitle "FM"]
[BlackTitle "GM"]
[WhiteElo "2388"]
[BlackElo "2564"]
[WhiteFideId "418811"]
[BlackFideId "5072786"]
[EventDate "2016.10.01"]

1. e4 c5 2. c3 g6 3. Nf3 Bg7 4. d4 cxd4 5. cxd4 Nf6 6. Nc3 O-O 7. Bd3 d6 8. h3
e5 9. dxe5 dxe5 10. O-O Nc6 11. Be3 Be6 12. Bb5 Nh5 13. Bxc6 bxc6 14. Qxd8 Rfxd8
15. Rfd1 a6 16. Ng5 Nf4 17. Nxe6 Nxe6 18. Rxd8+ Rxd8 19. Kf1 f5 20. Rd1 Rxd1+
21. Nxd1 Kf7 22. Nc3 Bf8 23. Na4 Ke8 24. Ke2 Kd7 25. Nb6+ Ke7 26. Nc4 Kf6 27.
Na5 fxe4 28. Nxc6 Bd6 29. g3 Ng7 30. Na5 Ke6 31. Nc4 Bc7 32. Bb6 Bb8 33. Nd2 Kd5
34. Nb1 Kc6 35. Be3 Nf5 36. Nc3 Nd6 37. b4 Nf5 38. a4 Nxe3 39. Kxe3 Bd6 40. b5+
axb5 41. axb5+ Kb6 42. Kxe4 Ka5 43. g4 Bc5 44. f3 Kb4 45. Kd3 Bd4 46. b6 Ka5 47.
Nd5 Ka6 48. f4 1-0

[Event "chess.com IoM Masters"]
[Site "Douglas ENG"]
[Date "2016.10.02"]
[Round "2.29"]
[White "Paehtz, Thomas"]
[Black "Svane, Rasmus"]
[Result "1/2-1/2"]
[WhiteTitle "GM"]
[BlackTitle "GM"]
[WhiteElo "2356"]
[BlackElo "2552"]
[WhiteFideId "4611349"]
[BlackFideId "4657101"]
[EventDate "2016.10.01"]

1. e4 c6 2. d4 d5 3. Nd2 dxe4 4. Nxe4 Bf5 5. Ng3 Bg6 6. h4 h6 7. Nf3 e6 8. h5
Bh7 9. Bd3 Bxd3 10. Qxd3 Nf6 11. Bd2 Be7 12. Ne4 Nbd7 13. O-O-O Nxe4 14. Qxe4
Nf6 15. Qe2 Qd5 16. c4 Qe4 17. Qxe4 Nxe4 18. Be3 f5 19. Nd2 Nf6 20. f3 Kf7 21.
Rdg1 b5 22. g4 Bb4 23. gxf5 exf5 24. Bf4 Rad8 25. Be5 Rhe8 26. Rg2 Bxd2+ 27.
Rxd2 bxc4 28. Rc2 Nd7 29. Rxc4 Nxe5 30. dxe5 Rxe5 31. Rxc6 Rd7 32. Rd1 Rb7 33.
Rcd6 Ke7 34. Rg6 Kf8 35. Rgd6 Ke7 36. Rg6 Kf7 37. Rgd6 Rc7+ 38. Kb1 Ke7 39. Rg6
Kf7 40. Rgd6 Ke7 41. Rg6 Kf8 42. Rgd6 Ke7 1/2-1/2

[Event "chess.com IoM Masters"]
[Site "Douglas ENG"]
[Date "2016.10.02"]
[Round "2.30"]
[White "Taylor, Adam C"]
[Black "Marin, Mihail"]
[Result "0-1"]
[WhiteTitle "FM"]
[BlackTitle "GM"]
[WhiteElo "2236"]
[BlackElo "2569"]
[WhiteFideId "424668"]
[BlackFideId "1200020"]
[EventDate "2016.10.01"]

1. Nf3 c5 2. c4 Nc6 3. g3 g6 4. Bg2 Bg7 5. Nc3 d6 6. O-O Qd7 7. a3 Bxc3 8. dxc3
b6 9. e4 f6 10. Qe2 Bb7 11. Rd1 O-O-O 12. Nd2 h5 13. Nf1 h4 14. Ne3 hxg3 15.
hxg3 f5 16. Nd5 e6 17. Nf4 Ne5 18. Nd3 Nf7 19. exf5 gxf5 20. Bxb7+ Kxb7 21. Qf3+
Qc6 22. Qxc6+ Kxc6 23. Nf4 Re8 24. Re1 Ne5 25. Rxe5 dxe5 26. Ng6 Rh7 27. Nxe5+
Kb7 28. Bg5 Ne7 29. Rd1 Nc6 30. Nd7 Reh8 31. Kg2 Kc8 32. Bf6 Rh2+ 33. Kf3 R8h7
34. Ne5 Nxe5+ 35. Bxe5 Rd7 36. Rf1 Rd2 37. b4 Ra2 38. Ke3 Rxa3 39. bxc5 bxc5 40.
Rb1 Ra2 41. Rb8+ Kd7 42. Rb7+ Kc6 43. Rc7+ Kb6 44. Re7 Rhxf2 45. Rxe6+ Kb7 46.
Re7+ Kc6 47. Re6+ Kd7 48. Rd6+ Ke7 49. Rd5 Rae2+ 50. Kd3 Rd2+ 51. Ke3 Rfe2+ 52.
Kf4 Rxd5 53. cxd5 Rxe5 54. Kxe5 a5 55. d6+ Kd7 56. Kd5 a4 57. Kc4 Kxd6 0-1

[Event "chess.com IoM Masters"]
[Site "Douglas ENG"]
[Date "2016.10.02"]
[Round "2.32"]
[White "Salem, A.R. Saleh"]
[Black "McLaren, Brian"]
[Result "1-0"]
[WhiteTitle "GM"]
[WhiteElo "2650"]
[BlackElo "2149"]
[WhiteFideId "9301348"]
[BlackFideId "2604612"]
[EventDate "2016.10.01"]

1. d4 f5 2. c4 Nf6 3. Nc3 e6 4. g3 c6 5. Bg2 d5 6. Nf3 Bd6 7. O-O O-O 8. Qc2 Qe7
9. Rb1 Ne4 10. b4 Nd7 11. b5 Nxc3 12. Qxc3 Nf6 13. bxc6 bxc6 14. Ne5 Bb7 15. Bg5
c5 16. dxc5 Bxc5 17. Qb3 Rab8 18. cxd5 Bd6 19. Qe3 Bxd5 20. Bxd5 Rxb1 21. Rxb1
exd5 22. Nc6 Qe4 23. Rb7 d4 24. Qxe4 Nxe4 25. Be7 Rc8 26. Nxd4 1-0

[Event "chess.com IoM Masters"]
[Site "Douglas ENG"]
[Date "2016.10.02"]
[Round "2.33"]
[White "Gagare, Shardul"]
[Black "Harsha, Bharathakoti"]
[Result "1-0"]
[WhiteTitle "GM"]
[WhiteElo "2480"]
[BlackElo "2363"]
[WhiteFideId "5037883"]
[BlackFideId "5078776"]
[EventDate "2016.10.01"]

1. d4 Nf6 2. c4 e6 3. Nf3 d5 4. Nc3 Bb4 5. cxd5 exd5 6. Bg5 h6 7. Bh4 c5 8. dxc5
Nbd7 9. Qb3 Qa5 10. a3 Bxc5 11. e3 O-O 12. Bd3 Ne4 13. Bxe4 dxe4 14. Nd2 g5 15.
Bg3 Nf6 16. O-O Re8 17. Rac1 Bf8 18. Nc4 Qf5 19. Nb5 Be6 20. Nc7 Rac8 21. Qxb7
Red8 22. Ne5 Rb8 23. Qxa7 Rxb2 24. Nc6 Rd7 25. Nd4 Qg6 26. Ndxe6 fxe6 27. Qa6
Qf7 28. Nxe6 Ra7 29. Qc8 1-0

[Event "chess.com IoM Masters"]
[Site "Douglas ENG"]
[Date "2016.10.02"]
[Round "2.34"]
[White "Mannion, Stephen R"]
[Black "Ushenina, Anna"]
[Result "1-0"]
[WhiteTitle "IM"]
[BlackTitle "GM"]
[WhiteElo "2313"]
[BlackElo "2459"]
[WhiteFideId "2400111"]
[BlackFideId "14110911"]
[EventDate "2016.10.01"]

1. e4 c6 2. d4 d5 3. e5 Bf5 4. Nf3 e6 5. Be2 Nd7 6. O-O h6 7. Nbd2 Ne7 8. Nb3
Nc8 9. a4 Be7 10. a5 a6 11. Bd3 Bxd3 12. Qxd3 Na7 13. Bd2 O-O 14. Rfe1 Rc8 15.
Rac1 c5 16. dxc5 Nxc5 17. Nxc5 Bxc5 18. b4 Be7 19. Nd4 Nc6 20. Nxc6 Rxc6 21. c3
Rc4 22. f4 Qc8 23. Rf1 Re4 24. Rce1 Rd8 25. Rf3 Bf8 26. Rd1 Qc4 27. Be3 Rc8 28.
Bd4 Qxd3 29. Rdxd3 Rc4 30. Be3 Be7 31. g3 Kf8 32. Kf1 Ke8 33. Bf2 Kd7 34. Rfe3
Kc6 35. Ke2 Kb5 36. Kd2 Rxe3 37. Bxe3 h5 38. Rd4 Rxd4+ 39. Bxd4 Kc4 40. Ke3 f6
41. f5 fxe5 42. Bxe5 exf5 43. Bxg7 Bg5+ 44. Ke2 h4 45. gxh4 Bxh4 46. Be5 Kb3 47.
Kd3 Be1 48. Bf6 f4 49. h4 d4 50. cxd4 Bxb4 51. h5 Bf8 52. d5 f3 53. d6 Bxd6 54.
h6 1-0

[Event "chess.com IoM Masters"]
[Site "Douglas ENG"]
[Date "2016.10.02"]
[Round "2.35"]
[White "Pasini, Nicolo"]
[Black "Tarjan, James E"]
[Result "1/2-1/2"]
[BlackTitle "GM"]
[WhiteElo "2101"]
[BlackElo "2420"]
[WhiteFideId "2809600"]
[BlackFideId "2000180"]
[EventDate "2016.10.01"]

1. g3 c5 2. Nf3 Nc6 3. d4 cxd4 4. Nxd4 g6 5. Bg2 Bg7 6. Nb3 b6 7. O-O Bb7 8. Nc3
Bxc3 9. bxc3 Qc7 10. c4 d6 11. Bb2 Nf6 12. Nd2 Ne5 13. e4 Rd8 14. Qe2 Ba6 15.
Rfd1 O-O 16. h3 Nfd7 17. f4 Nxc4 18. Nxc4 Bxc4 19. Qe3 f6 20. g4 e5 21. Rd2 Qc5
22. Qxc5 Nxc5 23. Rad1 exf4 24. Rxd6 Ne6 25. Rxd8 Rxd8 26. Rxd8+ Nxd8 27. Bxf6
Ne6 28. a3 g5 29. Kf2 h6 30. Ke1 Kf7 31. Be5 Nd8 32. c3 b5 33. Bd4 Nc6 34. Bc5
a5 35. Bd6 Kf6 36. Bf8 Kg6 37. Bd6 Kf6 38. Bf8 Kg6 39. Bd6 1/2-1/2

[Event "chess.com IoM Masters"]
[Site "Douglas ENG"]
[Date "2016.10.02"]
[Round "2.37"]
[White "Shyam, Sundar M."]
[Black "Lyell, Mark"]
[Result "1-0"]
[WhiteTitle "GM"]
[BlackTitle "FM"]
[WhiteElo "2552"]
[BlackElo "2190"]
[WhiteFideId "5019141"]
[BlackFideId "402354"]
[EventDate "2016.10.01"]

1. c4 e5 2. g3 Nc6 3. Nc3 f5 4. Nf3 Bb4 5. Nd5 e4 6. Nh4 Nf6 7. Nxf5 O-O 8. Nxb4
Nxb4 9. Ne3 d5 10. a3 Nc6 11. cxd5 Nxd5 12. Bg2 Nxe3 13. fxe3 Bg4 14. Qb3+ Kh8
15. Qc3 Qg5 16. b4 Bxe2 17. Bb2 Bd3 18. O-O-O a5 19. Bf1 axb4 20. axb4 Rfd8 21.
Bxd3 Rxd3 22. Qc4 Qd5 23. Qxd5 Rxd5 24. Bc3 Rb5 25. Kb2 Nxb4 26. Ra1 Rd8 27. Ra4
Nd5+ 28. Kc2 Nxc3 29. dxc3 Re8 30. Rd1 Kg8 31. Rd7 c6 32. Rb4 Rxb4 33. cxb4 Rf8
34. Rxb7 Rf2+ 35. Kc3 Rxh2 36. Rb6 Rh1 37. Kd4 Rc1 38. Kxe4 Kf7 39. Kf5 g6+ 40.
Ke5 g5 41. g4 Rc4 42. e4 Ke7 43. Rb7+ Kd8 44. Kf5 h6 45. Rh7 Rxb4 46. Rxh6 Kd7
47. Rh7+ Kd8 48. e5 Rf4+ 49. Kxg5 Rf1 50. e6 c5 51. Rd7+ Ke8 52. Rc7 Re1 53.
Rxc5 Rxe6 54. Rf5 Ke7 55. Kh5 Ra6 56. g5 Ra8 57. g6 Rh8+ 58. Kg5 Rh1 59. g7 Rh2
60. Rf1 Rg2+ 61. Kh6 Rh2+ 62. Kg6 Rg2+ 63. Kh7 Rh2+ 64. Kg8 1-0

[Event "chess.com IoM Masters"]
[Site "Douglas ENG"]
[Date "2016.10.02"]
[Round "2.38"]
[White "Grant, Jonathan I M"]
[Black "Visakh, N R"]
[Result "1-0"]
[BlackTitle "IM"]
[WhiteElo "2223"]
[BlackElo "2456"]
[WhiteFideId "2400294"]
[BlackFideId "25012223"]
[EventDate "2016.10.01"]

1. c4 c5 2. g3 Nc6 3. Nc3 g6 4. Bg2 Bg7 5. d3 d6 6. e4 e6 7. Nge2 Nge7 8. O-O
O-O 9. Bg5 h6 10. Be3 Nd4 11. Rb1 Nec6 12. a3 b6 13. b4 Bb7 14. b5 Ne7 15. Bxd4
cxd4 16. Na2 a6 17. bxa6 Rxa6 18. Rb3 Qa8 19. Qc1 Qa7 20. Nb4 Ra5 21. Qb2 e5 22.
Nd5 Bxd5 23. cxd5 Rb8 24. Rb1 Nc8 25. Bh3 Rc5 26. Nc1 Ne7 27. Na2 Kh7 28. Nb4
Ra8 29. Rc1 Qc7 30. Rc2 h5 31. Qb1 Ra7 32. Qb2 Bh6 33. Qa2 Ra4 34. Qb2 Bc1 35.
Qxc1 1-0

[Event "chess.com IoM Masters"]
[Site "Douglas ENG"]
[Date "2016.10.02"]
[Round "2.39"]
[White "Houska, Jovanka"]
[Black "Leutwyler, Martin"]
[Result "1-0"]
[WhiteTitle "IM"]
[WhiteElo "2386"]
[BlackElo "2168"]
[WhiteFideId "405094"]
[BlackFideId "1301969"]
[EventDate "2016.10.01"]

1. Nf3 d5 2. d4 Nf6 3. c4 c6 4. g3 e6 5. Bg2 Bb4+ 6. Bd2 Be7 7. Qc2 O-O 8. O-O
Nbd7 9. Rd1 Ne4 10. Bc1 f5 11. Nc3 Ndf6 12. Ne5 Bd7 13. f3 Nd6 14. b3 Be8 15. e3
Nd7 16. Nd3 g5 17. c5 Nf7 18. e4 Nf6 19. exf5 exf5 20. Ne2 h6 21. Bb2 g4 22.
Nef4 Ng5 23. fxg4 fxg4 24. Ne5 Nfe4 25. Nxg4 Qd7 26. Ne5 Qf5 27. Rf1 Nxg3 28.
Qxf5 Nxf5 29. Nfg6 Bxg6 30. Nxg6 Rae8 31. Nxf8 Rxf8 32. Rae1 1-0

[Event "chess.com IoM Masters"]
[Site "Douglas ENG"]
[Date "2016.10.02"]
[Round "2.40"]
[White "Rodshtein, Tereza"]
[Black "Brunello, Marina"]
[Result "1-0"]
[WhiteTitle "WGM"]
[BlackTitle "FM"]
[WhiteElo "2207"]
[BlackElo "2382"]
[WhiteFideId "325449"]
[BlackFideId "822590"]
[EventDate "2016.10.01"]

1. e4 c5 2. Nf3 d6 3. d4 cxd4 4. Nxd4 Nf6 5. Nc3 a6 6. g3 e5 7. Nb3 Nbd7 8. a4
b6 9. Bc4 h6 10. O-O Bb7 11. Qd3 Be7 12. f3 Qc7 13. Be3 O-O 14. Rfd1 Rfc8 15.
Nd2 Rd8 16. Nf1 Nb8 17. Bf2 Nc6 18. Ne3 Nb4 19. Qe2 Rac8 20. Bb3 Bc6 21. Qc4 Bf8
22. Qxb4 d5 23. Nexd5 Bxb4 24. Nxc7 Rxd1+ 25. Rxd1 Bxc3 26. bxc3 Rxc7 27. Bxb6
Rd7 28. Rxd7 Nxd7 29. a5 Kf8 30. Bc4 Bb7 31. Kf2 Ke7 32. Ke3 f6 33. Bd5 Bc8 34.
Kd3 Kd6 35. Kc4 g5 36. Be3 h5 37. h4 gxh4 38. gxh4 Nb8 39. Bc5+ 1-0

[Event "chess.com IoM Masters"]
[Site "Douglas ENG"]
[Date "2016.10.02"]
[Round "2.41"]
[White "Arakhamia-Grant, Ketevan"]
[Black "Herbold, Manfred"]
[Result "1-0"]
[WhiteTitle "GM"]
[BlackTitle "CM"]
[WhiteElo "2376"]
[BlackElo "2155"]
[WhiteFideId "13600168"]
[BlackFideId "4682882"]
[EventDate "2016.10.01"]

1. e4 e6 2. d4 d5 3. Nc3 Nf6 4. e5 Nfd7 5. f4 c5 6. Nf3 Nc6 7. Be3 Qb6 8. Na4
Qa5+ 9. c3 cxd4 10. b4 Qd8 11. Nxd4 Be7 12. Bd3 Nxd4 13. Bxd4 f5 14. exf6 Nxf6
15. O-O O-O 16. Qc2 b6 17. Rae1 Bb7 18. Nb2 Rc8 19. Rxe6 Ne4 20. Qe2 Bf6 21. Nd1
Bxd4+ 22. cxd4 Rc1 23. Qe3 Qc7 24. Re5 Ra1 25. Nf2 Qc3 26. Bxe4 Qxe3 27. Bxh7+
Kxh7 28. Rxe3 Rxf1+ 29. Kxf1 Rxf4 30. Re7 Ba6+ 31. Ke1 Rxd4 32. Rxa7 Bc8 33. a3
Rc4 34. h3 Bf5 35. g4 Bc2 36. Rd7 d4 37. Rd6 b5 38. Kd2 Bg6 39. h4 Rc2+ 40. Ke1
Rc1+ 41. Ke2 Rc2+ 42. Kf3 Rc4 43. h5 Bc2 44. g5 d3 45. Rd5 Rc8 46. g6+ Kg8 47.
Nxd3 1-0

[Event "chess.com IoM Masters"]
[Site "Douglas ENG"]
[Date "2016.10.02"]
[Round "2.42"]
[White "Parnali, S Dharia"]
[Black "Bellaiche, Anthony"]
[Result "0-1"]
[WhiteTitle "WIM"]
[BlackTitle "IM"]
[WhiteElo "2228"]
[BlackElo "2494"]
[WhiteFideId "5043131"]
[BlackFideId "615668"]
[EventDate "2016.10.01"]

1. d4 Nf6 2. c4 e6 3. g3 d5 4. Nf3 Bb4+ 5. Bd2 Be7 6. Bg2 O-O 7. O-O c6 8. Qc2
Nbd7 9. Bg5 b6 10. Nbd2 Bb7 11. Bxf6 Nxf6 12. e4 c5 13. cxd5 exd5 14. e5 Ne4 15.
Rad1 Qc8 16. dxc5 Ba6 17. Rfe1 Nxf2 18. Nb3 Nxd1 19. Rxd1 Bxc5+ 20. Kh1 Be3 21.
Ne1 Qxc2 22. Nxc2 Bc5 23. Nxc5 bxc5 24. Ne3 Bb7 25. Kg1 Rad8 26. Nf5 Ba8 27. Rc1
g6 28. Ne7+ Kg7 29. Rxc5 Rfe8 30. Nc6 Bxc6 31. Rxc6 Rxe5 32. Rc5 Kf6 33. Rc6+
Re6 34. Rc7 d4 35. Kf2 d3 36. Rc1 Re2+ 0-1

[Event "chess.com IoM Masters"]
[Site "Douglas ENG"]
[Date "2016.10.02"]
[Round "2.43"]
[White "Van Foreest, Lucas"]
[Black "Gill, Neville B K"]
[Result "1-0"]
[WhiteElo "2350"]
[BlackElo "2102"]
[WhiteFideId "1039792"]
[BlackFideId "404012"]
[EventDate "2016.10.01"]

1. e4 e5 2. Nf3 Nc6 3. Bc4 Bc5 4. c3 Nf6 5. d3 d6 6. Nbd2 a6 7. Bb3 Ba7 8. h3 d5
9. Qe2 O-O 10. Nf1 d4 11. Ng3 Be6 12. Bc2 h6 13. Nh4 Qd6 14. Ngf5 Qc5 15. c4
Bxf5 16. Nxf5 Ne7 17. g4 Nxf5 18. gxf5 Qe7 19. O-O Bc5 20. Kh1 Bd6 21. Rg1 Kh7
22. a3 c5 23. Bd2 b5 24. cxb5 axb5 25. a4 Qd7 26. b3 Rfb8 27. Qf3 bxa4 28. bxa4
Rb2 29. Rac1 Bf8 30. Qg3 c4 31. Be1 cxd3 32. Bxd3 Rb3 33. Rd1 Nxe4 34. Qg2 Rxd3
35. Rxd3 Qxf5 36. Rf3 Qc8 37. a5 Ng5 38. Rg3 Ra6 39. Bd2 Ne6 40. Qe4+ Kh8 41.
Bxh6 Qc6 42. Qxc6 Rxc6 43. Rc1 Ra6 44. Bd2 Nc5 45. Bb4 Nd3 46. Rc8 Nxb4 47.
Rxf8+ Kh7 48. Rxf7 d3 49. Rfxg7+ Kh6 50. R7g4 1-0

[Event "chess.com IoM Masters"]
[Site "Douglas ENG"]
[Date "2016.10.02"]
[Round "2.44"]
[White "Arnold, Max"]
[Black "Tate, Alan"]
[Result "1-0"]
[BlackTitle "FM"]
[WhiteElo "2202"]
[BlackElo "2376"]
[WhiteFideId "24682810"]
[BlackFideId "2401878"]
[EventDate "2016.10.01"]

1. e4 e5 2. f4 d5 3. exd5 exf4 4. Nf3 Nf6 5. Nc3 Nxd5 6. Nxd5 Qxd5 7. d4 Be7 8.
c4 Qf5 9. Bd3 Qf6 10. O-O Bg4 11. Bd2 Nd7 12. Bc3 O-O 13. Qc2 Qh6 14. Rae1 Bf6
15. h3 Bh5 16. Qb3 b6 17. Qa4 Rad8 18. Bf5 Nb8 19. Ne5 a5 20. Re4 Bxe5 21. dxe5
f3 22. g4 Bg6 23. Rxf3 Nd7 24. Qc6 Nc5 25. Re1 Nd3 26. Ref1 Nc1 27. Qe4 Bxf5 28.
gxf5 Nxa2 29. Bd4 Rfe8 30. e6 fxe6 31. f6 gxf6 32. Rg3+ Kf7 33. Rxf6+ Qxf6 34.
Bxf6 Kxf6 35. Qf4+ Ke7 36. Rg7# 1-0

[Event "chess.com IoM Masters"]
[Site "Douglas ENG"]
[Date "2016.10.02"]
[Round "2.45"]
[White "Hemant, Sharma2"]
[Black "Ottosen, David"]
[Result "1-0"]
[WhiteElo "2371"]
[BlackElo "2105"]
[WhiteFideId "5025842"]
[BlackFideId "2603080"]
[EventDate "2016.10.01"]

1. c4 e5 2. Nc3 Nf6 3. g3 d5 4. cxd5 Nxd5 5. Bg2 Nb6 6. Nf3 Nc6 7. d3 Be7 8. a3
g5 9. h3 h5 10. b4 g4 11. hxg4 Bxg4 12. Rb1 a6 13. Bb2 Qd7 14. Ne4 f6 15. Nc5
Qc8 16. Qc1 Bxc5 17. bxc5 Nd7 18. Qc4 Qd8 19. Nh4 Nf8 20. Ba1 Be6 21. Qe4 Ne7
22. Qxb7 Bd5 23. Bxd5 Qxd5 24. f4 Rd8 25. Qxd5 Rxd5 26. fxe5 fxe5 27. Kd2 Rg8
28. Rb8+ Kd7 29. Rf1 Ne6 30. Rxg8 Nxg8 31. Rf7+ Ke8 32. Rf5 Rxc5 33. Rxe5 Rxe5
34. Bxe5 Nh6 35. Ng6 Ng4 36. Nf4 Nxf4 37. Bxf4 Kd7 38. Kc3 Nf6 39. Kd4 c6 40.
Ke5 Nd5 41. Bd2 Nc7 42. a4 Ne6 43. Be3 Ke7 44. Bg1 Ng7 45. Bc5+ Kd7 46. Kf6 Ne6
47. Be3 Nc7 48. Kg6 1-0

[Event "chess.com IoM Masters"]
[Site "Douglas ENG"]
[Date "2016.10.02"]
[Round "2.46"]
[White "Rocabado, Fernando"]
[Black "Wallace, John Paul"]
[Result "0-1"]
[BlackTitle "IM"]
[WhiteElo "2187"]
[BlackElo "2355"]
[WhiteFideId "105341"]
[BlackFideId "3200957"]
[EventDate "2016.10.01"]

1. d4 Nf6 2. Nf3 e6 3. Bg5 h6 4. Bh4 g5 5. Bg3 Ne4 6. Nbd2 Nxg3 7. hxg3 d6 8. e3
Nd7 9. Bd3 Bg7 10. c3 b6 11. Be4 d5 12. Bd3 Bb7 13. e4 c5 14. e5 g4 15. Nh4 Qg5
16. Qe2 O-O 17. O-O-O cxd4 18. cxd4 f5 19. exf6 Qxf6 20. Nb1 Rac8+ 21. Nc3 e5
22. Kb1 exd4 23. Nb5 Ne5 24. Rd2 Ba6 25. a4 Rce8 26. Qd1 Nxd3 27. Rxd3 Qe6 28.
f3 h5 29. Qb3 Rf7 30. Kc2 Qc6+ 31. Kb1 Qc4 32. Ng6 Qxb3 33. Rxb3 Re3 34. Rb4
gxf3 35. gxf3 Rfxf3 36. Rxh5 Bc8 37. Nf4 Rb3 38. Rxb3 Rxb3 39. Nxd5 Be6 40. Kc2
Rxg3 41. Nd6 d3+ 42. Kc1 Bxd5 43. Rxd5 Bh6+ 44. Kb1 Rg1+ 45. Ka2 d2 46. Nf5 Bf4 0-1

[Event "chess.com IoM Masters"]
[Site "Douglas ENG"]
[Date "2016.10.02"]
[Round "2.47"]
[White "Scott, Gordon W"]
[Black "Balint, Vilmos"]
[Result "1/2-1/2"]
[WhiteElo "2168"]
[BlackElo "2334"]
[WhiteFideId "419559"]
[BlackFideId "718050"]
[EventDate "2016.10.01"]

1. d4 Nf6 2. c4 e6 3. g3 Bb4+ 4. Bd2 c5 5. Bxb4 cxb4 6. Bg2 O-O 7. e4 d6 8. Ne2
e5 9. a3 Qb6 10. O-O Bg4 11. f3 Be6 12. b3 bxa3 13. Nxa3 Na6 14. Kh1 Rfd8 15.
Nb5 Bd7 16. Nbc3 Nb4 17. Qd2 Nc6 18. Rab1 exd4 19. Nb5 d3 20. Qxd3 d5 21. exd5
Nb4 22. Qd2 Nbxd5 23. Nbd4 Nb4 24. Rbd1 Bf5 25. Qc3 Bg6 26. c5 Qa5 27. Ra1 Nfd5
28. Rxa5 Nxc3 29. Nxc3 Rxd4 30. Nb5 Rd2 31. Rxa7 Rxa7 32. Nxa7 Rc2 33. Nc8 Rxc5
34. Ne7+ Kf8 35. Nxg6+ hxg6 36. f4 b6 37. Ra1 Rc3 38. Bf1 Nc6 39. Bb5 Nd4 40.
Bc4 Rc2 41. Ra8+ Ke7 42. Ra7+ Kd6 43. Kg1 Nf3+ 44. Kf1 Nxh2+ 45. Ke1 Nf3+ 46.
Kd1 Rd2+ 47. Kc1 Rg2 48. Rxf7 Rxg3 49. Rxg7 Nd4 50. Kd2 b5 51. Bf7 Nf3+ 52. Kc3
Ne5+ 53. Kb4 Nd3+ 54. Kxb5 Nxf4 55. Kc4 g5 56. Kd4 Rg1 57. Ke4 Re1+ 58. Kf5 Re7
59. Kf6 Ne6 60. Rg6 Nf8 61. Rh6 Re5 62. Rh5 Nd7+ 63. Kg6 g4 64. Rh1 Ke7 65. Bc4
Nf8+ 66. Kh6 Kf6 67. Rf1+ Rf5 68. Rxf5+ Kxf5 69. Bd5 Ne6 70. b4 Ke5 71. Bh1 Nd4 1/2-1/2

[Event "chess.com IoM Masters"]
[Site "Douglas ENG"]
[Date "2016.10.02"]
[Round "2.48"]
[White "Kavutskiy, Konstantin"]
[Black "Tiwari, Ashwani"]
[Result "1-0"]
[WhiteTitle "FM"]
[BlackTitle "FM"]
[WhiteElo "2332"]
[BlackElo "2090"]
[WhiteFideId "2026384"]
[BlackFideId "5006961"]
[EventDate "2016.10.01"]

1. d4 f5 2. g3 Nf6 3. Bg2 g6 4. c4 Bg7 5. Nc3 d6 6. Nf3 O-O 7. O-O Qe8 8. d5 Na6
9. Be3 h6 10. h4 Bd7 11. Rc1 c5 12. Qd2 Kh7 13. a3 b5 14. cxb5 Bxb5 15. b4 Rc8
16. bxc5 Nxc5 17. Bxc5 Rxc5 18. Nxb5 Ne4 19. Ng5+ hxg5 20. Bxe4 Qxb5 21. Bd3 Qa5
22. Qxg5 Bf6 23. Qe3 Rxd5 24. h5 Re5 25. hxg6+ Kg7 26. Qf3 Rh8 27. Bc4 Re4 28.
Kg2 d5 29. Bd3 Kxg6 30. Rh1 Rxh1 31. Rxh1 Kf7 32. Qxf5 Re5 33. Rh7+ Ke8 34. Bb5+ 1-0

[Event "chess.com IoM Masters"]
[Site "Douglas ENG"]
[Date "2016.10.02"]
[Round "2.49"]
[White "Laustsen, Lars"]
[Black "Formento, Paolo"]
[Result "1-0"]
[BlackTitle "FM"]
[WhiteElo "2151"]
[BlackElo "2326"]
[WhiteFideId "1407554"]
[BlackFideId "861162"]
[EventDate "2016.10.01"]

1. d4 g6 2. c4 Bg7 3. Nf3 e6 4. g3 b6 5. Bg2 Bb7 6. Nc3 Ne7 7. O-O d5 8. cxd5
Nxd5 9. Nxd5 Bxd5 10. Qc2 Nd7 11. e4 Bb7 12. Bg5 f6 13. Be3 O-O 14. Rfd1 Rc8 15.
d5 e5 16. Bh3 Qe7 17. Be6+ Kh8 18. Qa4 Rfd8 19. Qxa7 Rb8 20. Rac1 Nf8 21. Bh3
Qd6 22. a3 Nd7 23. Qa4 Nc5 24. Qc2 Bf8 25. b4 Na6 26. Nd2 Qe7 27. Nc4 f5 28.
Nxe5 Bg7 29. Nc6 Bxc6 30. dxc6 Qxe4 31. Qxe4 fxe4 32. Bf1 Rxd1 33. Rxd1 b5 34.
Bxb5 Rxb5 35. Rd8+ Bf8 36. Rxf8+ Kg7 37. Ra8 Nb8 38. Ra7 1-0

[Event "chess.com IoM Masters"]
[Site "Douglas ENG"]
[Date "2016.10.02"]
[Round "2.50"]
[White "L'Ami, Alina"]
[Black "Hamer, Martyn"]
[Result "1/2-1/2"]
[WhiteTitle "IM"]
[WhiteElo "2322"]
[BlackElo "2063"]
[WhiteFideId "1210246"]
[BlackFideId "413160"]
[EventDate "2016.10.01"]

1. d4 Nf6 2. c4 e6 3. Nc3 d5 4. cxd5 exd5 5. Bg5 c6 6. e3 Bf5 7. Qf3 Bg6 8. Bxf6
Qxf6 9. Qxf6 gxf6 10. Nf3 Nd7 11. Nh4 Be7 12. Ne2 Nb6 13. Ng3 Nc8 14. Nhf5 Bb4+
15. Kd1 Nd6 16. Bd3 Kd7 17. a3 Nxf5 18. Nxf5 Be7 19. h4 h5 20. f3 Bf8 21. Kd2
Bh6 22. g4 Bxf5 23. Bxf5+ Kd6 24. gxh5 Rae8 25. f4 Rhg8 26. Rhg1 b6 27. b4 Rxg1
28. Rxg1 Rb8 29. Ke2 a5 30. bxa5 bxa5 31. Rb1 Rxb1 32. Bxb1 c5 33. dxc5+ Kxc5
34. Kd3 Bg7 35. Bc2 f5 36. Kd2 d4 37. Bxf5 dxe3+ 38. Kxe3 Kd6 39. Ke4 Ke7 40.
Kd5 Bh6 41. Ke4 Kf6 42. a4 Bf8 43. Bd7 Bh6 44. Bb5 Bf8 45. Bd3 Bh6 46. Bc2 Bf8
47. Kd5 Bh6 48. f5 Bd2 49. Kd6 Kg7 50. Ke7 f6 51. Bb3 Be3 52. Bc4 1/2-1/2